Etiquettes of life in islam / (Record no. 13245)

MARC details
000 -LEADER
fixed length control field 00470nam a2200145 a 4500
100 1# - MAIN ENTRY--AUTHOR NAME
Personal name Islahi, Muhammad Yusuf.
245 10 - TITLE STATEMENT
Title Etiquettes of life in islam /
250 ## - EDITION STATEMENT
Edition statement 1st ed.
260 ## - PUBLICATION, DISTRIBUTION, ETC. (IMPRINT)
Place of publication [S.l.] :
Name of publisher Islamic Publications,
Year of publication 1979.
300 ## - PHYSICAL DESCRIPTION
Number of Pages 521 p.
856 40 - ELECTRONIC LOCATION AND ACCESS
Uniform Resource Identifier http://www.amazon.com/exec/obidos/ASIN/B0006E4HYA/chopaconline-20
Holdings
Withdrawn status Lost status Home library Current library Date acquired Cost, normal purchase price Full call number Accession Number Koha item type
    Central Library, QUEST, Nawabshah Central Library, QUEST, Nawabshah 22/04/2015 87.00 297.7ISL 9482 Books